Diseño del sistema hidrosanitario de la urbanización Los Altos de Las Jagüitas distrito V-Managua, año 2017

La investigación describe la forma como fueron diseñados, los sistemas hidrosanitarios para la urbanización Los Altos de las Jagüitas, ubicada en el distrito V de la Ciudad de Managua, el proyecto involucra un área de 34.403.27 metros cuadrados, con una cobertura de 100%, beneficiando a 786 ha...

Full description

Bibliographic Details
Main Authors: Calero Vivas, Jeyner, Talavera Balmaceda, Christopher Agustín
Other Authors: Tutor: Baldizón Aguilar, María Elena
Format: Tesis Section = Libro
Language:Undetermined
Spanish
Published: Managua UNI 2019
Subjects:
LEADER 01346nam a2200277Ia 4500
008 240830s9999 xx 000 0 und d
040 |a BIBLIOTECA-RUPAP Mon 628.15 C149 
041 |a spa 
082 |a Mon 628.15 C149 
100 1 |a Calero Vivas, Jeyner 
100 1 |c  Talavera Balmaceda, Christopher Agustín 
245 1 0 |a Diseño del sistema hidrosanitario de la urbanización Los Altos de Las Jagüitas distrito V-Managua, año 2017 
260 |a Managua  |b UNI  |c 2019 
300 |a 110 p. :il. 
500 |a Contiene: anexos y CD. 
502 |a Tesis (Ingeniero Civil)- UNI, 2019. 
520 3 |a La investigación describe la forma como fueron diseñados, los sistemas hidrosanitarios para la urbanización Los Altos de las Jagüitas, ubicada en el distrito V de la Ciudad de Managua, el proyecto involucra un área de 34.403.27 metros cuadrados, con una cobertura de 100%, beneficiando a 786 habitantes, para un periodo de diseño 20 años para los sistemas básicos (agua potable, servicios sanitarios). 
650 7 |a HIDROSANITARIAS-DISEÑO Y CONSTRUCCION 
650 7 |b  RED DE DISTRIBUCION DE AGUA POTABLE 
650 7 |c TUBERIAS DE AGUA POTABLE 
650 7 |d ALCANTARILLADO SANITARIO 
650 7 |e DRENAJE PLUVIAL 
700 1 |a Tutor:  |b Baldizón Aguilar, María Elena 
942 |c BK  |2 ddc 
991 |a TESIS 
999 |c 16256